Stories, pictures and reality : two children tell

Αποθηκεύτηκε σε:
Λεπτομέρειες βιβλιογραφικής εγγραφής
Κύριος συγγραφέας: Lowe, Virginia
Μορφή: Βιβλίο
Γλώσσα:English
Δημοσίευση: London : Routledge, 2007
Θέματα:
Ετικέτες: Προσθήκη ετικέτας
Δεν υπάρχουν, Καταχωρήστε ετικέτα πρώτοι!

MARC

LEADER 00000nam a2200000 i 4500
001 1/50870
008 070806s2007 eng d
020 |a 978-0-415-39724-7 
035 |l 10089568 
040 |a GR-MY-UA  |b gre  |e aacr 
041 0 |a eng 
082 0 |a 372.4019  |2 (22) 
100 1 |a Lowe, Virginia. 
245 1 0 |a Stories, pictures and reality :  |b two children tell /  |c Virginia Lowe 
260 |a London :   |b Routledge,   |c 2007 
300 |a xvii, 188 σ.;  |c 24 εκ. 
504 |a Περιλαμβάνει βιβλιογραφίες και ευρετήριο 
650 0 0 |a Children  |x Books and reading  |x Psychological aspects. 
650 0 0 |a Children  |x Books and reading  |x Longitudinal studies. 
650 0 0 |a Reading comprehension  |x Longitudinal studies. 
650 0 0 |a Reality in children. 
650 0 0 |a Cognition in children. 
852 |a INST  |b RHODES  |e 20070806  |h 372.4019 LOW  |p 005400025980  |q 005400025980  |t BK  |y 0 
901 |a BIBL4-2007-2 
909 |a Ρ  |b 135492 
922 |a 4ΕΛΗ  |b 200706  |c ΕΠΕΑΕΚ2/ΤΕΠΑΕΣ  |d Σ. ΠΑΤΑΚΗΣ 
970 |a ΜΙΣΣΟΣ  |b ΣΤΑΥΡΟΣ  |z 2007/08/06